| 000 | 00577nam a2200193 a 4500 | ||
|---|---|---|---|
| 005 | 20140311163001.0 | ||
| 008 | 021119s19uu xx 00 eng d | ||
| 020 | _a9971513587 | ||
| 050 |
_aHF 5386 _b.H366 2000 |
||
| 100 | _aHeinecke, William | ||
| 245 |
_aThe Entrepreneur : _btwenty one golden rules for the global business manager / _cWilliam Heinecke. |
||
| 260 |
_aSingapore : _bJohn Wiley & Sons, _c2000. |
||
| 300 |
_a226 p. : _c23 cm. |
||
| 521 | _aBSBA | ||
| 650 | _aSuccess in business | ||
| 650 | _aEntrepreneurship | ||
| 942 |
_cBK _2lcc _kFOR |
||
| 999 |
_c39204 _d39204 |
||